Normal view
MARC view
Entry Topical Term
001 - CONTROL NUMBER
- control field: 59905
003 - CONTROL NUMBER IDENTIFIER
- control field: OSt
005 - DATE AND TIME OF LATEST TRANSACTION
- control field: 20260401122056.0
008 - FIXED-LENGTH DATA ELEMENTS
- fixed length control field: 260401|| aca||aabn | a|a d
040 ## - CATALOGING SOURCE
- Original cataloging agency: OSt
- Transcribing agency: OSt
150 ## - HEADING--TOPICAL TERM
- Topical term or geographic name entry element: River Ganga, Contingent valuation, Pollution, fisherfolk, India, ecosystem services
670 ## - SOURCE DATA FOUND
- Source citation: Work cat.: (OSt): Chowdhury, Soumi Roy Maurya, Nutan and Pohit, Sanjib 59904, Livelihood challenges, community perception and payment for ecosystem services: The curious case of fisherfolk of the river Ganga
